| 000 | 004060000a22001930004500 | ||
|---|---|---|---|
| 005 | 20120302055235.0 | ||
| 942 | _cBOOK | ||
| 100 | _a Vaangabhatt | ||
| 245 | _a Ashtangahrydaya | ||
| 300 | _a984,10p. | ||
| 040 | _aH.S | ||
| 650 | _aVaidyaka | ||
| 650 | _aSanskrit | ||
| 650 | _aBhasha | ||
| 650 | _aSutrasthaana | ||
| 650 | _aShaarira Sthaana | ||
| 650 | _aNidaan Sthaana | ||
| 650 | _aChikitsaa | ||
| 999 |
_c347868 _d347865 |
||